00607nam a2200205Ia 450000500170000000800410001702000150005808200220007310000190009524500650011426000430017930000160022265000110023865000110024965000100026065000120027094200060028295200980028899900150038620250319033214.0240331s9999 xx 000 0 und d a0333486889 a302.23bLAU23575 ade Lauretis, T 0aTechnologies of Gender:bEssays on Theory, Film, and Fiction aLondon,bThe Macmillan Press Ltdc1987 axi, 151 p., aGender aCinema aWomen aSociety cL 001040708LaWERCLbWERCLcSSCd2024-03-31l0o 302.23 LAUp3575r2024-03-31w2024-03-31yL c1172d1172